00603nam a22002177a 450000500170000001000110001702000100002803500110003803700160004904000120006508200130007710000170009024500700010726000320017727000380020930000190024750000510026665000200031765000230033770000250036020170124105925.0 a570290 c00.00 a570290 bCen Lib/Ret aDPLbEN a026bSIL aSilva, Manil aSpecial libraries /cby Manil Silva; edited by Evelyn J. A. Evans aLondonbAndre Deutschc1970 a105, Great Russell StreetbLondon a96p.c21cm(Hb) aIncludes bibliographical references and index aLibrary science aLibraries, Special aEvans, Evelyn J. A.